000 00837nam a2200253Ia 4500
003 OSt
005 20221005092913.0
006 a|||||r|||| 00| 0
007 ta
008 221004b |||||||| |||| 00| 0 eng d
020 _a9781438464657 (hbk)
_cUKP 57.25
024 _a35091
037 _b52364, 15/09/2017, Segment Book Distributors
_cTextual
040 _aCRL
_cCRL
_beng
041 _2eng
_aeng
082 _aQ43, Q7
100 _aWangchuk Tsering
_9617907
245 0 _aUttaratantra in the land of snows
_b Tibetan thinkers debate the centrality of the Buddha-nature treatise
260 _aNew York
_bSuny Press USA
_c2017
300 _axii,210p
_ccm.
650 _aBUDDHISM - TIBET
942 _hQ43, Q7
_cTEXL
_2cc
999 _c999552
_d999552